Statistiques concernant Culture Générale - Série 2152

Cliquez ici pour prendre le quiz!

Statistiques générales

  • Ce quiz a été pris 80 fois
  • Le résultat moyen est 5 sur 10

Statistiques - réponses

QuestionRéponse% Correct
Dans quel pays produit-on le plus de sirop d'érable ?Canada
99%
Quel mot de 11 lettres commençant par " p " désigne la personne qui s'occupe des chevaux ?palefrenier
76%
Dans quel pays coulent les fleuves Ems et Weser ?Allemagne
70%
Quel animal est également appelé fourmilier géant ou grand fourmilier ? voir phototamanoir
59%
Quel pays bordé par l'océan atlantique est enclacé dans le Sénégal ?Gambie
57%
Quelle fruit est l'olivette ?tomate
53%
Quelle était le prénom de Madame Rostopchine, plus connue sous le nom de "comtesse de Ségur" ?Sophie
38%
Quelle était la profession de Dieudonné Costes et Maurice Bellonte en 1930 ?aviateur
18%
Quel mot de 11 lettres commençant par " e " désigne une fatigue intense ?éreintement
13%
Petit poème lyrique abordant généralement un sujet tendre, mélancolique ou tristeélégie
5%

Distribution des résultats

Percentile par nombre de réponses

% des personnes avec chaque résultat

Votre développement - résultats

Vous n’avez pas pris ce quiz